La adopción: un análisis crítico y comparado de la legislación chilena
Salvato in:
| Autore principale: | |
|---|---|
| Natura: | Libro |
| Lingua: | spagnolo |
| Pubblicazione: |
Santiago
Jurídica de Chile
1991
|
| Edizione: | 1a. ed |
| Soggetti: | |
| Tags: |
Aggiungi Tag
Nessun Tag, puoi essere il primo ad aggiungerne!!
|
MARC
| LEADER | 00000cam a2200000 a 4500 | ||
|---|---|---|---|
| 001 | UCV2317 | ||
| 003 | CL-VaPUC | ||
| 008 | 920514e19910000CL |||||||||||||||||spa|d | ||
| 020 | |a 9561008946 | ||
| 082 | 0 | 4 | |a 346.017 |b LAR |2 21 |
| 100 | 0 | |a Larraín Aspillaga, María Teresa |e author |9 296584 | |
| 245 | 1 | 3 | |a La adopción: un análisis crítico y comparado de la legislación chilena |
| 250 | |a 1a. ed | ||
| 300 | |a 381 p | ||
| 942 | |c BK | ||
| 945 | |d 19920514 00:00:00 | ||
| 260 | |a Santiago |b Jurídica de Chile |c 1991 | ||
| 650 | 0 | |a Adopción |9 255783 | |
| 650 | 0 | |a Derecho y legislación |9 255077 | |
| 651 | 7 | |a CHILE |2 CL-VaPUC |9 296585 | |
| 583 | |a last modification |c 20150328 12:39:29 |k Rodrigo Vera | ||
| 999 | |c 209942 |d 209940 | ||
| 952 | |0 0 |1 0 |4 0 |6 346_017000000000000_LAR_1991 |7 0 |8 A |9 185841 |a BIBDER |b BIBDER |d 2019-11-14 |i 2532891 |o 346.017 LAR 1991 |p 2532891 |r 2019-11-14 |w 2019-11-14 |y BK |k DER | ||
| 952 | |0 0 |1 0 |4 0 |6 346_017000000000000_LAR_1991 |7 0 |8 A |9 185842 |a BIBDER |b BIBDER |d 2019-11-14 |i 4840186 |o 346.017 LAR 1991 |p 4840186 |r 2023-01-25 |w 2019-11-14 |y BK |k DER | ||